01039nam a22002537a 450000100060000000300080000600500170001400800410003103500190007204000350009104100090012608200240013510000290015924501310018826000820031930000380040150200880043950400330052765000130056070000410057394200130061499900170062795201410064481548BD-RjUL20230709172727.0230709s2019 bg a|||| m||| 00| 0 eng d a(BD-RjUL)81548 aBD-RjULbengcBD-RjULdBD-RjUL aeng  223a614.5bAHM 2019 aAhasan, Md. Nazmul9795110aModeling of climatic index on infectious diarrheal disease /cSubmitted by Md. Nazmul Ahasan ;6Supervisor : Md. Mesbahul Alam aRajshahi :bInstitute of Environmental Science, University of Rajshahi,c2019 axiv, 144 leaves :bill, ;c29.cm. aThesis (Ph. D.) -- Institute of Environmental Science, University of Rajshahi, 2019 aReferences : Leaves 102 -103 aDisease  aAlam, Md. Mesbahul, Supervisor97952 2ddccTHE c81548d81548 102ddc40718THESESaRUCLbRUCLcDoc/Thed2023-04-01eController of Exam. R.UoTHE 614.5 AHM 2019pD4821r2023-07-09 00:00:00tC-1yTHE